000 01161nam a2200265Ia 4500
003 Ost
005 20260507075229.0
008 260507s9999||||xx |||||||||||||| ||und||
020 _a85362499579
040 _cfsecg
041 _aara
082 _a330
100 _aالوادي، محمود حسين
_eمؤلف
245 0 _aتنظيم الادارة المالية :
_bمن أجل ترشيد الانفاق الحكومي و مكافحة الفساد /
_c محمود حسين الوادي
260 _aعمان:
_bدار صفاء,
_c2009
300 _a327 صفحة؛
_bإيضاحات ؛
_c24 سم
504 _aمراجع ص.321 ؛ملاحق ص.299
520 _aالأسس الحديثة في إعداد الموازنة العامة للدولة ، التخطيط المالي الاستراتيجي ، السياسات الاقتصادية ، الرقابة المالية العامة ، الفساد المالي و الاداري.
653 _aالادارة العامة
653 _aالادارة المالية
653 _aالانفاق الحكومي
653 _aالحكومة
653 _aالفساد
942 _cكتاب
999 _c43555
_d43555